[Event "World op 44th"]
[Site "Philadelphia"]
[Date "2016.07.01"]
[Round "3"]
[White "Chase, Christopher"]
[Black "Ramya, Krishna Inapuri"]
[Result "0-1"]
[WhiteElo "2282"]
[BlackElo "2163"]
[PlyCount "65"]
[EventDate "2016.06.30"]
[EventType "swiss"]
[EventRounds "9"]
[EventCountry "USA"]
[SourceTitle "CBM 173 Extra"]
[Source "ChessBase"]
[SourceDate "2016.08.29"]
[SourceVersion "1"]
[SourceVersionDate "2016.08.29"]
[SourceQuality "1"]

1. e4 d5 2. exd5 Qxd5 3. d4 Nf6 4. c4 Qd6 5. Nc3 c6 6. Nge2 e5 7. dxe5 Qxe5 8. Bf4 Qe6 9. Qd2 Bb4 10. 0-0-0 0-0 11. Nd4 Qg4 12. Be2 Bxc3 13. bxc3 Qg6 14. h4 Nh5 15. Bxb8 Rxb8 16. g4 Nf6 17. f3 Ne8 18. c5 Qf6 19. Bd3 Qe5 20. Nb3 b6 21. Rhe1 Qc7 22. Qe3 Nf6 23. c4 bxc5 24. Qxc5 Qf4+ 25. Qe3 Qc7 26. Qe5 Qb6 27. Qc5 Qc7 28. Kc2 Qh2+ 29. Re2 Qxh4 30. Qe5 Nd7 31. Qc7 h6 32. Bf5 Rb7 33. Qxc6 0-1

[Event "USA tt"]
[Site "ICC INT"]
[Date "2012.10.18"]
[Round "7"]
[White "Chase, Christopher"]
[Black "Lowinger, Daniel"]
[Result "1-0"]
[WhiteElo "2315"]
[BlackElo "2130"]
[PlyCount "65"]
[EventDate "2012.09.04"]
[EventType "team-tourn"]
[EventRounds "10"]
[EventCountry "USA"]
[SourceTitle "EXT 2013"]
[Source "ChessBase"]
[SourceDate "2012.11.22"]
[SourceVersion "1"]
[SourceVersionDate "2012.11.22"]
[SourceQuality "1"]
[WhiteTeam "New England"]
[BlackTeam "Connecticut"]
[WhiteTeamCountry "USA"]
[BlackTeamCountry "USA"]

1. Nf3 d5 2. g3 c5 3. Bg2 Nc6 4. 0-0 e5 5. d3 Be7 6. Nbd2 g5 7. e4 g4 8. Ne1 d4 9. f4 gxf3 10. Nexf3 Bg4 11. h3 Bh5 12. g4 Bg6 13. Nc4 Qc7 14. a4 0-0-0 15. Qe1 f6 16. Nh4 Bf7 17. Nf5 Bxc4 18. dxc4 Nb4 19. Qe2 h5 20. gxh5 Bf8 21. Ra3 Ne7 22. Rg3 Nxf5 23. exf5 Bd6 24. Rg6 Qe7 25. Qg4 Bc7 26. h6 d3 27. cxd3 Rd4 28. Be4 Nxd3 29. Be3 Nf4 30. Bxd4 cxd4 31. Rg8+ Rxg8 32. Qxg8+ Bd8 33. h7 1-0

[Event "Lubbock SPICE Cup op"]
[Site "Lubbock"]
[Date "2008.09.27"]
[Round "3"]
[White "Antal, Gergely"]
[Black "Chase, Christopher"]
[Result "1-0"]
[WhiteElo "2459"]
[BlackElo "2294"]
[PlyCount "135"]
[EventDate "2008.09.27"]
[EventType "swiss"]
[EventRounds "5"]
[EventCountry "USA"]
[SourceTitle "CBM 126 Extra"]
[Source "ChessBase"]
[SourceDate "2008.11.05"]
[SourceVersion "1"]
[SourceVersionDate "2008.11.05"]
[SourceQuality "1"]

1. e4 e6 2. d4 d5 3. Nd2 c5 4. Ngf3 cxd4 5. exd5 Qxd5 6. Bc4 Qh5 7. Nb3 e5 8. Qe2 Bb4+ 9. Bd2 Bxd2+ 10. Nbxd2 Nc6 11. 0-0-0 Nge7 12. h3 0-0 13. g4 Qh6 14. Nxe5 Nxe5 15. Qxe5 Nc6 16. Qg3 Be6 17. Kb1 Bxc4 18. Nxc4 Qe6 19. Nd2 Rac8 20. a3 Rfd8 21. Nb3 Qd5 22. Rhe1 a5 23. Re2 Qc4 24. Qd3 b5 25. Red2 Qxd3 26. Rxd3 b4 27. axb4 Nxb4 28. Rxd4 Rxd4 29. Nxd4 Kf8 30. c3 Na6 31. f3 a4 32. Kc2 Nc5 33. Re1 Rb8 34. Re5 Rxb2+ 35. Kxb2 Nd3+ 36. Ka3 Nxe5 37. Kxa4 g6 38. Kb5 h5 39. gxh5 gxh5 40. c4 Ke8 41. c5 Kd7 42. Kb4 h4 43. Kc3 Ng6 44. Ne2 Kc6 45. Kd4 f5 46. f4 Ne7 47. Nc3 Ng6 48. Nd5 Kd7 49. Kc3 Nf8 50. Kc4 Ne6 51. Kb5 Nd4+ 52. Kb6 Ke6 53. c6 Kxd5 54. c7 Ke4 55. c8Q Kxf4 56. Qc1+ Ke4 57. Qe1+ Kf3 58. Qxh4 f4 59. Qg4+ Ke3 60. Qg1+ Ke4 61. h4 Ne2 62. Qf2 Ng3 63. h5 Nxh5 64. Qe2+ Kd4 65. Qxh5 Ke3 66. Qg5 Ke4 67. Kc5 f3 68. Qg1 1-0

[Event "World op 33rd"]
[Site "Philadelphia"]
[Date "2005.06.30"]
[Round "3"]
[White "Owen, Steven"]
[Black "Chase, Christopher"]
[Result "0-1"]
[WhiteElo "2097"]
[BlackElo "2330"]
[PlyCount "60"]
[EventDate "2005.06.??"]
[EventType "swiss"]
[EventRounds "9"]
[EventCountry "USA"]
[SourceTitle "EXT 2006"]
[Source "ChessBase"]
[SourceDate "2005.11.24"]
[SourceVersion "1"]
[SourceVersionDate "2005.11.24"]
[SourceQuality "1"]

1. Nf3 g6 2. g3 Bg7 3. Bg2 d6 4. d4 Nf6 5. c4 0-0 6. Nc3 Nc6 7. 0-0 a6 8. e4 Rb8 9. Qc2 Bd7 10. a3 b5 11. cxb5 axb5 12. b4 e5 13. dxe5 dxe5 14. Be3 Ng4 15. Bc5 Nd4 16. Nxd4 exd4 17. Bxf8 Qxf8 18. Nd5 c6 19. Nf4 h5 20. h3 Ne5 21. Nd3 Nc4 22. h4 Qd8 23. a4 g5 24. axb5 cxb5 25. Ra7 gxh4 26. Nc5 Bg4 27. f3 h3 28. fxg4 d3 29. Ne6 Bd4+ 30. Nxd4 Qxd4+ 0-1

[Event "Las Vegas National op"]
[Site "Las Vegas"]
[Date "2005.06.12"]
[Round "6"]
[White "Chase, Christopher"]
[Black "Davis, Loal W"]
[Result "1-0"]
[WhiteElo "2330"]
[BlackElo "2153"]
[PlyCount "131"]
[EventDate "2005.06.10"]
[EventType "swiss"]
[EventRounds "7"]
[EventCountry "USA"]
[SourceTitle "CBM 106 Extra"]
[Source "ChessBase"]
[SourceDate "2005.07.01"]
[SourceVersion "1"]
[SourceVersionDate "2005.07.01"]
[SourceQuality "1"]

1. e4 e5 2. Nf3 Nc6 3. Bb5 a6 4. Bxc6 dxc6 5. 0-0 Qd6 6. b3 f6 7. Ba3 c5 8. c3 Qd3 9. Re1 Be6 10. Re3 Qd7 11. d4 cxd4 12. cxd4 exd4 13. Bxf8 dxe3 14. Qxd7+ Kxd7 15. Bxg7 exf2+ 16. Kxf2 Ne7 17. Bxh8 Rxh8 18. Nc3 Rd8 19. Ke3 Nc6 20. Kf4 Ke7 21. g4 Rd3 22. Rc1 Nd4 23. Nxd4 Rxd4 24. Na4 c6 25. Ke3 Rd8 26. h3 h5 27. gxh5 Rh8 28. h4 Rxh5 29. Rh1 Kf7 30. Kd4 Ke7 31. Nc5 b6 32. Nd3 a5 33. Nf4 Rh7 34. h5 Bf7 35. e5 fxe5+ 36. Kxe5 Kd7 37. Kf6 Be8 38. h6 Kd6 39. Ng6 Kc5 40. Rh4 b5 41. Ne5 a4 42. Nd3+ Kd6 43. b4 Kd5 44. a3 Rf7+ 45. Kg5 Rh7 46. Nc5 Bf7 47. Ne4 Ke5 48. Nf6 Rh8 49. h7 Ke6 50. Re4+ Kd6 51. Kh6 c5 52. Kg7 Rxh7+ 53. Nxh7 Bc4 54. Kf6 cxb4 55. axb4 Kd5 56. Ng5 Bd3 57. Re3 Kd4 58. Rh3 a3 59. Nf3+ Kc3 60. Ne5 a2 61. Rxd3+ Kxb4 62. Rd1 Kc3 63. Rc1+ Kb3 64. Nd3 b4 65. Ra1 Ka3 66. Nxb4 1-0

[Event "Las Vegas National op"]
[Site "Las Vegas"]
[Date "2005.06.11"]
[Round "3"]
[White "Stubenrauch, Steve"]
[Black "Chase, Christopher"]
[Result "1/2-1/2"]
[WhiteElo "2121"]
[BlackElo "2330"]
[PlyCount "71"]
[EventDate "2005.06.10"]
[EventType "swiss"]
[EventRounds "7"]
[EventCountry "USA"]
[SourceTitle "CBM 106 Extra"]
[Source "ChessBase"]
[SourceDate "2005.07.01"]
[SourceVersion "1"]
[SourceVersionDate "2005.07.01"]
[SourceQuality "1"]

1. Nf3 Nf6 2. c4 g6 3. Nc3 Bg7 4. g3 0-0 5. Bg2 Nc6 6. 0-0 d6 7. d3 a5 8. Rb1 Nh5 9. a3 f5 10. Ng5 f4 11. Bd5+ Kh8 12. Ne6 Bxe6 13. Bxe6 Nd4 14. Bg4 e5 15. e3 fxe3 16. Bxe3 Nf6 17. Bh3 c6 18. Bg2 Ne6 19. h3 Qd7 20. Ne2 d5 21. b4 axb4 22. axb4 Ra7 23. Nc1 Ra3 24. b5 Rd8 25. bxc6 bxc6 26. Qc2 dxc4 27. dxc4 Nd4 28. Qb2 Raa8 29. Na2 Qf5 30. Bxd4 Rxd4 31. Nb4 Rxc4 32. Nxc6 Ne4 33. Qb7 Qc8 34. Ne7 Qxb7 35. Rxb7 Re8 36. Nd5 1/2-1/2

[Event "Las Vegas National op"]
[Site "Las Vegas"]
[Date "2005.06.10"]
[Round "2"]
[White "Chase, Christopher"]
[Black "Gurevich, Dmitry"]
[Result "0-1"]
[WhiteElo "2330"]
[BlackElo "2515"]
[PlyCount "94"]
[EventDate "2005.06.10"]
[EventType "swiss"]
[EventRounds "7"]
[EventCountry "USA"]
[SourceTitle "CBM 106 Extra"]
[Source "ChessBase"]
[SourceDate "2005.07.01"]
[SourceVersion "1"]
[SourceVersionDate "2005.07.01"]
[SourceQuality "1"]

1. e4 c5 2. Nf3 d6 3. Bb5+ Bd7 4. Bxd7+ Qxd7 5. 0-0 Nc6 6. c3 Nf6 7. d4 cxd4 8. cxd4 d5 9. exd5 Nxd5 10. Nc3 e6 11. Re1 Be7 12. Ne4 0-0 13. Bg5 f6 14. Bd2 b6 15. Rc1 Rac8 16. a3 Rfe8 17. Qb3 Bf8 18. Qd3 Nce7 19. Rcd1 Nf5 20. g4 Nd6 21. Nxd6 Bxd6 22. Re4 Bb8 23. Rde1 Qc6 24. Qe2 Kf7 25. Qf1 Qd7 26. Qh3 Kg8 27. g5 f5 28. g6 h6 29. Rh4 Nf6 30. Ng5 Ng4 31. Nf3 e5 32. dxe5 Rc6 33. Ng5 Rxg6 34. Qb3+ Kh8 35. Nf7+ Kh7 36. Ng5+ Rxg5 37. Bxg5 Nxe5 38. Rd1 Qc6 39. Rh3 Qg6 40. f4 Ng4 41. Kf1 Qc6 42. Qd5 Qxd5 43. Rxd5 Ne3+ 44. Rxe3 Rxe3 45. Bh4 Bxf4 46. Rxf5 Bxh2 47. Rf7 Re4 0-1

[Event "Boylston CC-ch"]
[Site "Boylston"]
[Date "1998.09.30"]
[Round "4"]
[White "Chase, Christopher"]
[Black "Godin, Eric J"]
[Result "1-0"]
[WhiteElo "2377"]
[BlackElo "2240"]
[PlyCount "157"]
[EventDate "1998.09.??"]
[EventType "tourn"]
[EventRounds "9"]
[EventCountry "USA"]
[SourceTitle "EXT 2002"]
[Source "ChessBase"]
[SourceDate "2001.11.25"]
[SourceVersion "1"]
[SourceVersionDate "2001.11.25"]
[SourceQuality "1"]

1. e4 e5 2. Nf3 Nc6 3. Bb5 a6 4. Ba4 Nf6 5. 0-0 Be7 6. Re1 b5 7. Bb3 0-0 8. a4 Rb8 9. Nc3 d6 10. axb5 axb5 11. Nd5 Nxd5 12. Bxd5 Nb4 13. Bb3 c5 14. d3 Nc6 15. h3 Kh8 16. c3 f5 17. Bd5 Qc7 18. exf5 Bxf5 19. Bg5 Bf6 20. Bxf6 Rxf6 21. Ng5 h6 22. Ne4 Rff8 23. Ng3 Bh7 24. Be4 b4 25. Qg4 Rf4 26. Qe2 bxc3 27. bxc3 Nd8 28. Nh5 Rf8 29. Bxh7 Kxh7 30. Qe4+ Kh8 31. Ng3 Ne6 32. Ra2 Qb7 33. Qxb7 Rxb7 34. Ra6 Rd7 35. Ne4 Rfd8 36. g3 Nc7 37. Rc6 Nd5 38. Rb1 Nf6 39. Rbb6 Nxe4 40. dxe4 g5 41. Kf1 Kg7 42. Ke2 Kf7 43. Kd3 Ke7 44. Kc4 Rf8 45. Rb2 Rf3 46. Rc8 Ra7 47. Rbb8 Ke6 48. Re8+ Re7 49. Rh8 Rf6 50. Kb5 Rxf2 51. Rxh6+ Rf6 52. Rxf6+ Kxf6 53. Rf8+ Ke6 54. Rg8 Kf6 55. Rf8+ Ke6 56. Rf5 Rg7 57. c4 g4 58. h4 Rb7+ 59. Kc6 Rb3 60. Rg5 Rxg3 61. h5 Rh3 62. Rxg4 Rxh5 63. Rg6+ Ke7 64. Kd5 Rh1 65. Re6+ Kf7 66. Rxd6 Rd1+ 67. Kxe5 Rc1 68. Kd5 Rd1+ 69. Kxc5 Re1 70. Kd5 Rd1+ 71. Ke5 Rc1 72. Rd4 Ke7 73. Kd5 Kd7 74. e5 Re1 75. c5 Rc1 76. e6+ Ke7 77. c6 Rc2 78. Rc4 Rd2+ 79. Ke4 1-0

[Event "Boylston CC-ch"]
[Site "Boylston"]
[Date "1998.09.16"]
[Round "2"]
[White "Chase, Christopher"]
[Black "Cherniack, Alex"]
[Result "1-0"]
[WhiteElo "2377"]
[BlackElo "2255"]
[PlyCount "75"]
[EventDate "1998.09.??"]
[EventType "tourn"]
[EventRounds "9"]
[EventCountry "USA"]
[SourceTitle "EXT 2002"]
[Source "ChessBase"]
[SourceDate "2001.11.25"]
[SourceVersion "1"]
[SourceVersionDate "2001.11.25"]
[SourceQuality "1"]

1. e4 e5 2. Nf3 Nc6 3. Bb5 Nd4 4. Nxd4 exd4 5. 0-0 Bc5 6. d3 c6 7. Bc4 d6 8. f4 Nf6 9. Nd2 d5 10. exd5 cxd5 11. Bb5+ Kf8 12. Ba4 h5 13. Nf3 h4 14. h3 Ne8 15. Bxe8 Qxe8 16. Re1 Qd8 17. Bd2 Bf5 18. Re5 Qd7 19. Qe1 f6 20. Re2 Kf7 21. Nxh4 Rae8 22. Rxe8 Rxe8 23. Qf2 Qc8 24. Qf3 Kg8 25. Qxd5+ Be6 26. Qf3 Bb6 27. Rc1 Qc5 28. f5 Bxa2 29. b3 Ba5 30. Qh5 Re5 31. Bxa5 Qxa5 32. Ng6 Re1+ 33. Rxe1 Qxe1+ 34. Kh2 Qe8 35. Qh4 Qb8+ 36. Kg1 Qd6 37. Qh8+ Kf7 38. Qc8 1-0

[Event "National op"]
[Site "Las Vegas"]
[Date "1997.??.??"]
[Round "2"]
[White "Burtman, Sharon"]
[Black "Chase, Christopher"]
[Result "0-1"]
[WhiteElo "2160"]
[BlackElo "2390"]
[PlyCount "78"]
[EventDate "1997.08.03"]
[EventType "swiss"]
[EventRounds "6"]
[EventCountry "USA"]
[SourceTitle "CBM 058 Extra"]
[Source "ChessBase"]
[SourceDate "1997.07.29"]
[SourceVersion "1"]
[SourceVersionDate "1997.07.29"]
[SourceQuality "1"]

1. d4 Nf6 2. c4 c5 3. d5 e6 4. Nc3 exd5 5. cxd5 d6 6. g3 g6 7. Bg2 Bg7 8. Nf3 0-0 9. 0-0 Re8 10. Nd2 a6 11. a4 Nbd7 12. Nc4 Nb6 13. Na3 Bd7 14. h3 Rb8 15. Bf4 Qc7 16. a5 Nc8 17. Nc4 Bb5 18. Na3 Na7 19. Re1 Nh5 20. Bd2 b6 21. axb6 Qxb6 22. Rb1 Qc7 23. Ncxb5 Nxb5 24. Nc4 Nf6 25. e4 Nd7 26. Qa4 Nb6 27. Nxb6 Qxb6 28. Bf1 Qb7 29. Bc4 Qd7 30. Kg2 f5 31. f3 fxe4 32. fxe4 Qe7 33. Bf4 g5 34. Qxa6 gxf4 35. Bxb5 Qg5 36. g4 Qh4 37. Be2 Qg3+ 38. Kf1 Qxh3+ 39. Kg1 Bd4# 0-1

[Event "National op"]
[Site "Las Vegas"]
[Date "1997.??.??"]
[Round "1"]
[White "Chase, Christopher"]
[Black "Baugus, Eric"]
[Result "1-0"]
[WhiteElo "2390"]
[BlackElo "2055"]
[PlyCount "67"]
[EventDate "1997.08.03"]
[EventType "swiss"]
[EventRounds "6"]
[EventCountry "USA"]
[SourceTitle "CBM 058 Extra"]
[Source "ChessBase"]
[SourceDate "1997.07.29"]
[SourceVersion "1"]
[SourceVersionDate "1997.07.29"]
[SourceQuality "1"]

1. e4 c5 2. Nf3 d6 3. d4 cxd4 4. Nxd4 Nf6 5. Nc3 g6 6. Be2 Bg7 7. 0-0 0-0 8. Nb3 Nc6 9. Bg5 Be6 10. Re1 Rc8 11. Bf1 h6 12. Bh4 g5 13. Bg3 Na5 14. Nd4 Bd7 15. h4 g4 16. e5 dxe5 17. Bxe5 Nc4 18. Bxc4 Rxc4 19. Qd3 Rc5 20. Nb3 Rc8 21. Rad1 Be6 22. Qe3 Qb6 23. Bd4 Qc6 24. Bxa7 Nd5 25. Nxd5 Bxd5 26. Bd4 Bxg2 27. Bxg7 Bh3 28. Qg3 Kxg7 29. Nd4 Qf6 30. c3 Rc5 31. Qe3 e6 32. Nxe6+ fxe6 33. Qxc5 Qf3 34. Qe5+ 1-0

[Event "Boylston CC-ch"]
[Site "Boylston"]
[Date "1997.??.??"]
[Round "?"]
[White "Chase, Christopher"]
[Black "Rasin, Jacob"]
[Result "0-1"]
[WhiteElo "2330"]
[BlackElo "2370"]
[PlyCount "78"]
[EventDate "1997.??.??"]
[EventType "tourn"]
[EventRounds "8"]
[EventCountry "USA"]
[SourceTitle "EXT 2003"]
[Source "ChessBase"]
[SourceDate "2002.11.25"]
[SourceVersion "1"]
[SourceVersionDate "2002.11.25"]
[SourceQuality "1"]

1. e4 c5 2. Nf3 d6 3. d4 Nf6 4. Nc3 cxd4 5. Qxd4 Bd7 6. Bg5 Nc6 7. Qd2 a6 8. 0-0-0 b5 9. Bxf6 gxf6 10. Kb1 e6 11. Nd4 Qb6 12. Nxc6 Bxc6 13. Qf4 Be7 14. Re1 Qd4 15. Bd3 0-0-0 16. Qd2 Rd7 17. f4 Kb8 18. Re3 Bd8 19. Ne2 Qc5 20. Nc1 d5 21. Nb3 Qb6 22. exd5 Bxd5 23. Rg3 f5 24. Qc3 f6 25. a4 b4 26. Qe1 a5 27. Bb5 Rc7 28. c3 bxc3 29. Rxc3 Rg8 30. Rxc7 Bxc7 31. Qc3 Bxf4 32. Nc5 Ka7 33. Nd7 Qc7 34. Qd4+ Kb7 35. Nc5+ Ka8 36. Na6 Qd6 37. Qc3 Qb6 38. Qxf6 Bxg2 39. Qxe6 Qxe6 0-1

[Event "Boylston CC-ch"]
[Site "Boylston"]
[Date "1997.??.??"]
[Round "?"]
[White "Gelman, Geoffrey"]
[Black "Chase, Christopher"]
[Result "1/2-1/2"]
[WhiteElo "2200"]
[BlackElo "2330"]
[PlyCount "143"]
[EventDate "1997.??.??"]
[EventType "tourn"]
[EventRounds "8"]
[EventCountry "USA"]
[SourceTitle "EXT 2003"]
[Source "ChessBase"]
[SourceDate "2002.11.25"]
[SourceVersion "1"]
[SourceVersionDate "2002.11.25"]
[SourceQuality "1"]

1. e4 c5 2. Nf3 d6 3. d4 cxd4 4. Nxd4 Nf6 5. Nc3 a6 6. Bg5 e6 7. f4 Be7 8. Qf3 Qa5 9. 0-0-0 Bd7 10. e5 dxe5 11. Nb3 Qc7 12. fxe5 Bc6 13. Qg3 Nh5 14. Qh4 Bxg5+ 15. Qxg5 g6 16. Nc5 0-0 17. N5e4 h6 18. Nf6+ Nxf6 19. Qxf6 Nd7 20. Qf4 g5 21. Qg4 Qxe5 22. Qh5 Kg7 23. Kb1 b5 24. a3 a5 25. h4 Nf6 26. Qe2 Qxe2 27. Bxe2 Rab8 28. Bf3 Bxf3 29. gxf3 b4 30. axb4 Rxb4 31. hxg5 hxg5 32. Rde1 Rfb8 33. Re5 Kg6 34. Rg1 Nh7 35. Rxa5 Rxb2+ 36. Kc1 R2b4 37. Rc5 Rd4 38. Ne2 Ra4 39. Kd2 f5 40. Ke3 Nf6 41. Rc6 Nd5+ 42. Kf2 Rb6 43. Rc8 Ne7 44. Rc7 Nd5 45. Rc8 Nf6 46. Nc1 e5 47. Nd3 Ra5 48. Rc7 f4 49. Re7 Ra2 50. Rc1 Rd6 51. Nxe5+ Kf5 52. Nf7 Rd5 53. Ke2 Nh5 54. Nh6+ Kf6 55. Re8 Ng3+ 56. Ke1 Ra3 57. c3 Rd3 58. Ng4+ Kg7 59. Rb1 Ra7 60. Re5 Rxf3 61. Rxg5+ Kh7 62. Rgb5 Re7+ 63. Kd1 Rxc3 64. Rb7 Rxb7 65. Rxb7+ Kg6 66. Rb5 Nf5 67. Ra5 Rg3 68. Nf2 Rg2 69. Ke2 Nd4+ 70. Kf1 f3 71. Ra4 Nf5 72. Rg4+ 1/2-1/2